000 00370nam a22001577a 4500
003 MPLRDC
005 20220104124355.0
008 210129b ||||| |||| 00| 0 eng d
082 _a854.6 CY-2 c.2
100 _a曹禺
245 _a日出
_c
260 _a
_b香港东亚书局
_c1963
300 _b
650 _a剧本--话剧剧本
942 _cBK
_o854.6 CY-2 c.2
999 _c18819
_d18809